Valoracin̤ de empresas

Bibliographic Details
Main Author: Jaramillo Betancur, Fernando
Format: eBook
Language:Spanish
Published: Bogot ̀: Ecoe ediciones, 2011
Series:Ciencias administrativas
Subjects:
Online Access:Acceso restringido

MARC

LEADER 00000nam a22000007a 4500
005 20120402115523.0
007 cr|||| ||||
008 120402s2011 co |||||s|||| 00||0 spa d
020 |a 978-958-648-668-2 
035 |a 6242 
040 |a vLex 
090 |c 3113  |d 3113 
100 1 |a Jaramillo Betancur, Fernando 
245 1 0 |a Valoracin̤ de empresas  |h [Recurso electrn̤ico] /  |c Fernando Jaramillo Betancur  
256 |a Servicio en ln̕ea 
260 |a Bogot ̀:  |b Ecoe ediciones,  |c 2011 
300 |a 1 recurso electrn̤ico 
490 0 |a Ciencias administrativas 
500 |a Este libro busca romper con un paradigma respecto al tema de la valoracin̤, ya que se ha considerado errn̤eamente como la nueva panacea de las finanzas. Es decir, no se debe interpretar a la valoracin̤ de los negocios como un tema novedoso para el medio, cuando desde la mitad del siglo XX se viene discutiendo diferentes modelos que sirven para valorar una firma. El actual texto inicia con una discusin̤ del objeto bs̀ico financiero. Contina︢ con los principales elementos que constituyen la valoracin̤ y tienen en cuenta elementos como el costo de capital y la estructura de financiamiento. 
504 |a Incluye bibliografa̕  
506 1 |a Contenido solo disponible en los productos indicados  |d vLex Global   |d vLex Global (Academic Edition, excluding Law Schools)   |d vLex Global (U.S. Academic Edition, Law Schools)   |d vLex Global (U.S. Academic Edition, excluding Law Schools)   |d vLex Global (Academic Edition, Law Schools)  
650 0 4 |a Empresas  |x Valoracin̤  |z Colombia 
650 0 4 |a Finanzas 
740 0 |a vLex Libros (Servicio en ln̕ea) 
856 4 0 |u http://vlex.com/source/valoracion-empresas-6242  |z Acceso restringido 
942 |c BOOK 
999 0 |a Business enterprises